Možnosti sledování zadluženosti obcí v soudobé praxi

Možnosti sledovania zadlženosti obcí, resp. krajov. Zameranie na ukazovateľ dlhovej služby, ktorý bol direktívne ustanovený Ministerstvom financí ČR pre sledovanie zadlženosti obcí. Nástroje na sledovanie zadlženosti obcí v ČR. Obligatórny nástroj - dlhová služba. Definície a výpočet ukazovateľa dl...

Descrizione completa

Salvato in:
Dettagli Bibliografici
Autore principale: Stejskal, Jan
Altri autori: Hájek, Petr
Natura: Capitolo di libro
Lingua:ceco
Soggetti:
Tags: Aggiungi Tag
Nessun Tag, puoi essere il primo ad aggiungerne!!

MARC

LEADER 00000naa$a2200000$$$4500
001 0030689
005 20231107071151.7
041 0 |a cze 
044 |a CZ 
245 1 0 |a Možnosti sledování zadluženosti obcí v soudobé praxi  |c Jan Stejskal, Petr Hájek 
520 |a Možnosti sledovania zadlženosti obcí, resp. krajov. Zameranie na ukazovateľ dlhovej služby, ktorý bol direktívne ustanovený Ministerstvom financí ČR pre sledovanie zadlženosti obcí. Nástroje na sledovanie zadlženosti obcí v ČR. Obligatórny nástroj - dlhová služba. Definície a výpočet ukazovateľa dlhovej služby. fakultatívny nástroj - rating. Rating metódou CRA. Nástroje regulácie zadlženosti v medzinárodnom meradle. 
610 2 0 |a zadlženosť 
610 2 0 |a obce 
610 2 0 |a Česko 
610 2 0 |a dlhy miestne 
610 2 0 |a regulácia 
610 2 0 |a rating 
610 2 0 |a metódy 
100 1 |a Stejskal, Jan 
700 1 |a Hájek, Petr